Normal view
MARC view
- Geromel, Jos⥠C
Entry Personal Name
001 - CONTROL NUMBER
- control field: 99311
003 - CONTROL NUMBER IDENTIFIER
- control field: NUST
005 - DATE AND TIME OF LATEST TRANSACTION
- control field: 20221006135821.0
008 - FIXED-LENGTH DATA ELEMENTS
- fixed length control field: 221006|| aca||aabn | a|a d
040 ## - CATALOGING SOURCE
- Original cataloging agency: NUST
- Transcribing agency: NUST
100 ## - HEADING--PERSONAL NAME
- Personal name: Geromel, Jos⥠C
670 ## - SOURCE DATA FOUND
- Source citation: Work cat.: (NUST)189072: Colaneri, Patrizio. 99310, Control theory and design :, c1997.
